| 000 | 00993cab a2200205 4500 | ||
|---|---|---|---|
| 001 | ##L132719 | ||
| 008 | 060303n2006 000 0 eng u | ||
| 035 | _a(Sirsi) u132719 | ||
| 041 | 0 | _aeng | |
| 100 | 1 | _aCridge, Julian | |
| 245 | 0 | 2 | _aA time for renewal |
| 260 | _c2006 | ||
| 490 | 0 |
_aRICS Business _vMarch 2006, 22(1) |
|
| 520 | _aContains a step-by-step guide to the renewal of business tenancies under the Landlord and Tenant Act 1954 (as amended), concentrating particularly on the notices to be served 18, 12, and two months before expiry, and on expiry itself. Emphasises that property managers, whether acting for landlord or tenant, need to prompt clients to review their situation well in advance of actual expiry. | ||
| 590 | _aIKA140306 | ||
| 650 | 2 | 4 | _aLANDLORD AND TENANT ACT 1954 |
| 690 | _aPROPERTY-COMMERCIAL PROPERTY-LEASEHOLD COMMERCIAL PROPERTY-COMMERCIAL LANDLORD AND TENANT-COMMERCIAL LEASES-COMMERCIAL LEASE RENEWAL | ||
| 700 | 1 | _aRooney, Adam | |
| 942 | _n0 | ||
| 999 |
_c76586 _d76586 |
||